Estatísticas para Todos os Títulos do Corinthians

Clique aqui para jogar o quiz

Estatísticas Gerais

  • Esse quiz foi jogado 151 vezes
  • A pontuação média é 17 de 18

Estatísticas das Respostas

AnoTipo/ModalidadeTítulo% Correto
1990, 1998, 1999, 2005, 2011, 2015 e 2017Nacional (Masculino)Campeonato Brasileiro
100%
2018, 2020, 2021, 2022 e 2023Nacional (Feminino)Campeonato Brasileiro
100%
1914, 1916, 1922-1924, 1928-1930, 1937-1939, 1941, 1951-1952, 1954, 1977, 1979, 1982-1983, 1988, 1995, 1997, 1999, 2001, 2003, 2009, 2013, 2017-2019Estadual (Masculino)Campeonato Paulista
100%
2019, 2020, 2021 e 2023Estadual (Feminino)Campeonato Paulista
100%
2017, 2019, 2021 e 2023Continental (Feminino)Copa Libertadores da América
100%
2012Continental (Masculino)Copa Libertadores da América
100%
1962Estadual (Masculino)Copa Paulista
100%
2022Estadual (Feminino)Copa Paulista
100%
1995, 2002 e 2009Nacional (Masculino)Copa do Brasil
99%
2016Nacional (Feminino)Copa do Brasil
99%
2000 e 2012Mundial (Masculino)Copa do Mundo de Clubes da Fifa
99%
2013Continental (Masculino)Re-copa Sulamericana
89%
1969, 1970, 1995, 1999, 2004, 2005, 2009, 2012, 2015 e 2017Nacional (Base)Copa São Paulo de Futebol Júnior
85%
1929 e 1941Interestadual (Masculino)Taça dos Campeões Rio-São Paulo
79%
1950, 1953, 1954, 1966 e 2002Interestadual (Masculino)Torneio Rio-São Paulo
79%
2022 e 2023Nacional (Feminino)Supercopa do Brasil
76%
1991Nacional (Masculino)Supercopa do Brasil
76%
2008Nacional (Masculino)Campeonato Brasileiro - Série B
72%

Distribuição das Pontuações

Percentil de Números Respondidos

Porcentagem de Pessoas com Cada Pontuação

Sua Pontuação Histórica

Você não jogou esse quiz